Statistiques concernant Quiz sur l'OM

Cliquez ici pour prendre le quiz!

Statistiques générales

  • Ce quiz a été pris 127 fois
  • Le résultat moyen est 9 sur 15

Statistiques - réponses

HintRéponse% Correct
Qui a marqué un doublé contre l'OM en final d'europa league en 2018 ?Griezmann
83%
Quand l'OM pour la dernière fois a été championne de France ?2010
82%
Est ce que Claude Makélélé a joué à l'OM ?Oui
80%
Quand l'OM a été fondée ?1899
79%
En quelle année Jean-pierre Papin a gagné son ballon d'or ?1991
76%
Combien de temps Bernard Tapie est rester à la présidence de l'OM ?8
71%
Quel place Dimitri Payet a finit au ballon d'or en 2016 ?17
68%
Quelle est la date où l'OM est devenue championne d'Europe ?26 Mai 1993
68%
Quel est le nom du dernier entraîneur portugais de l'OM ?André Villas-Boas
55%
À quelle minute Rolando marque est qualifie l'OM en finale en 2018 ?116
54%
Comment s'appelle le centre d'entraînement de l'OM ?Robert Louis-Dreyfus
50%
Quel est le nom de la recrue ukrainienne lors du mercato hivernal 2023 ?Ruslan Malinovskyi
47%
Qui est le meilleur buteur de l'histoire de l'OM ?Gunnar Andersson
46%
Quel est le nom de la tribune où se situe les salons/loges ?Jean Bouin
46%
Quel est le nom du groupe de supporters situé en haut du virage SudSouth Winners
44%

Distribution des résultats

Percentile par nombre de réponses

% des personnes avec chaque résultat

Votre développement - résultats

Vous n’avez pas pris ce quiz